| 000 | 00712nam a2200193 i 4500 | ||
|---|---|---|---|
| 001 | 50938 | ||
| 003 | ES-MaACL | ||
| 005 | 20230906162249.0 | ||
| 007 | t| | ||
| 008 | 030807s1952 mr ||||1| spa d | ||
| 245 | 0 | 0 |
_aCuentos populares de los judios del Norte de Marruecos / _cpor Arcadio de Larrea Palacín. |
| 250 | _a[1ª ed.]. | ||
| 260 |
_aTetuán : _bMarroquín, _c1952 ( _fCremades) |
||
| 300 |
_a2 t. ; _c21 cm. |
||
| 500 | _aPrecede al tít.: Instituto General Franco de Estudios e Investigación Hispano-Arabe. | ||
| 700 | 1 |
_aLarrea Palacín, Arcadio de. _970340 |
|
| 710 | 2 |
_aInstituto General Franco de Estudios e Investigación Hispano-Árabe. _9149197 |
|
| 852 |
_aES-MaACL _jC-11348-9 _bR.38846 |
||
| 999 |
_c50938 _d50938 |
||